LEADER 00840nam0-22002891i-450- 001 990003088950403321 035 $a000308895 035 $aFED01000308895 035 $a(Aleph)000308895FED01 035 $a000308895 100 $a20000920d1954----km-y0itay50------ba 101 0 $aita 102 $aIT 200 1 $aGreat problems in European Civilization$fKenneth M. Setton and Henry R. Winkler, Editors. 210 $aNew York$cPrentice-Hall$d1954. 215 $aXX, 649 p.$d23 cm 676 $a14310 700 1$aSetton,$bKenneth M.$0123309 701 1$aWinkler,$bHenry Ralph$f<1916- >$0123310 801 0$aIT$bUNINA$gRICA$2UNIMARC 901 $aBK 912 $a990003088950403321 952 $a14310 SET$b09447$fSES 959 $aSES 996 $aGreat problems in European Civilization$9459313 997 $aUNINA DB $aING01 LEADER 02658nam 2200637 a 450 001 9910791954003321 005 20221202090353.0 010 $a1-84779-598-6 010 $a1-84779-436-X 024 7 $a10.7765/9781847794369 035 $a(CKB)2560000000085724 035 $a(OCoLC)818847519 035 $a(MiAaPQ)EBC1069682 035 $a(DE-B1597)659360 035 $a(DE-B1597)9781847794369 035 $a(EXLCZ)992560000000085724 100 $a20110712d2011 uy 0 101 0 $aeng 135 $aur|n|---||||| 181 $ctxt 182 $cc 183 $acr 200 10$aRichard Wainwright, the Liberals and Liberal Democrats$b[electronic resource] $eunfinished business /$fMatt Cole 210 $aManchester ;$aNew York $cManchester University Press$d2011 215 $a1 online resource (273 p.) 300 $aDescription based upon print version of record. 311 $a0-7190-8899-2 320 $aIncludes bibliographical references and index. 327 $apt. 1. Before parliament -- pt. 2. Outside parliament -- pt. 3. In parliament -- pt. 4. After parliament. 330 $aRichard Wainwright, the Liberals and Liberal Democrats: Unfinished Business offers new research on familiar themes involving loyalties of politics, faith and locality. Richard Wainwright was a Liberal MP for seventeen years during the Party's recovery, but his life tells us about much more than this. Wainwright grew up in prosperity, but learned from voluntary work about poverty; he refused to fight in World War Two, but saw war at its cruellest; he joined the Liberal Party when most had given up on it, but gave his fortune to it; lost a by-election but caused the only Labour loss in Harold Wi 606 $aLegislators$zGreat Britain$vBiography 606 $aPoliticians$zGreat Britain$vBiography 606 $aLiberalism$zGreat Britain$xHistory$y20th century 607 $aGreat Britain$xPolitics and government$y1945- 610 $aJeremy Thorpe. 610 $aLib-Lab Pact. 610 $aLiberal Democrats. 610 $aLiberal MP. 610 $aLiberal Party. 610 $aRichard Wainwright. 610 $aSDP-Liberal Alliance. 610 $aYorkshire constituency. 610 $apoverty. 610 $avoluntary work. 615 0$aLegislators 615 0$aPoliticians 615 0$aLiberalism$xHistory 676 $a941.082092 700 $aCole$b Matthew$f1962-$01467363 801 0$bMiAaPQ 801 1$bMiAaPQ 801 2$bMiAaPQ 906 $aBOOK 912 $a9910791954003321 996 $aRichard Wainwright, the Liberals and Liberal Democrats$93694692 997 $aUNINA LEADER 09316nam 2200565Ka 450 001 9911016063803321 005 20250731100015.0 010 $a1-04-048232-5 010 $a1-04-072704-2 010 $a1-003-26058-6 035 $a(CKB)39690432100041 035 $a(ODN)ODN0012115929 035 $a(MiAaPQ)EBC32261032 035 $a(Au-PeEL)EBL32261032 035 $a(OCoLC)1530492602 035 $a(EXLCZ)9939690432100041 100 $a20250724d2025 uy 0 101 0 $aeng 135 $aurcn|---||||| 181 $ctxt$2rdacontent 182 $cc$2rdamedia 183 $acr$2rdacarrier 200 10$aCreation, transformation and metamorphosis /$fMário S. Ming Kong 205 $a1st ed. 210 $d2025 215 $a1 online resource 225 0 $aPHI. 311 08$a1-03-219723-4 327 $aCover -- Half Title -- Series Page -- Title Page -- Copyright Page -- Table of Contents -- Committees -- Sponsors -- Editorial foreword -- Part I - Creation, Transformation and Metamorphosis -- PHI (?): Creation, Transformation, and Metamorphosis -- Creative spaces and the praxis of aminor architecture: ARTIPICA, Seville (spain) -- The Story of alife project: How artistic contemporary practices can reach out towards change and transformation -- Access to information and knowledge: Aprocess of constant transformation -- Afrofuturism: Reshaping storytelling -- On the Fusion of Biological Nature with Technology: Human Metamorphosis into Humanity 2.0 -- Part II - Architecture - Urbanism -- From the life of forms to the forms-of-life: A historical reflection on the concepts of creation, transformation, and metamorphosis -- Creation for research: Artistic practices for an affective and emotional knowledge of the built environment -- Poetic Places between Creation, Transformation and Metamorphosis: Form as Process and Non-objective Space -- Creation, transformation, metamorphosis, and the simulated destructive mechanisms of architectural expression: The Viennese case -- Convergences, divergences, and crossings: Reflections and aphorisms on space and music -- Architecture: Creative act or process -- Imperfection as a Method: The humanity of the prefix 'in' as an intentional process -- A Phenomenological Perspective of Architectural Drawings/Design -- Architecture as a Verb and the Japanese Insularity: (a)Metamorphosis as an Act of Creation -- Houses in the heavens: A transdisciplinary reading on architecture and cosmology before and after the Renaissance -- Geographies of finance and metamorphoses of power: Dynamics of urban transformation during the 15th and 16th centuries in Rome. 327 $aThe Sixteenth-Century Manor House as a spatial metamorphosis of different identity matrices -- Fronteira Palace: An architectural heritage metamorphosis -- Integrity, porosity, and conflict: Apolitical metamorphosis at Quinta do Marquês (Oeiras) -- The 'inner' space of the Norwegian Cabin and the Moulin - from Nature's sheltering to 'safe' architecture -- The Transformation of Sacred Space: Contemporary Perspectives on Sacred Architecture -- Radical transformation: Cultural revival of military architecture -- Transforming, thinking, seeking democratic architecture -- Industrial metamorphoses -- Art saving industry (once again) -- From production spaces to exhibition spaces: The metamorphosis of contemporary industrial architecture in Southern Spain and Portugal -- Da Silva Junior -- The architect of Atlantis -- Sounds of the Houses by Raul Lino: Sound map of the D'Oneil House, the Cypress House, and the White House -- Portuguese Architecture: Fascism, para-fascism, and national-Catholicism -- Villa Savoye, France, 1928: Inside the Corbusier's Creative Process -- The metamorphosis of the Finnish Arctic landscape in the work of Raili and Reima Pietilä -- Creation, Transformation, and Metamorphosis: The "Amoreiras Complex" in Portuguese life -- The inhabited wall: Occupation of avoid in eight steps for pedagogical metamorphosis in the Calderón de la Barca School -- Urban Metamorphosis: Acircular project for the homeless -- The semi-rural housing in the Tamburi neighborhood: History, characteristics and rehabilitation perspectives -- The Maid's Room: Inception, Obsolescence, and Transfiguration -- The Kitchen Revisited: Meanings of functional and physical metamorphosis within the Western Urban Home -- Metamorphosis: Architecture and Fiction -- From Creation to Metamorphosis: Exploring the Transformative Power of Biomimicry in Adaptive Architecture. 327 $aWalter Benjamin, Aldo Rossi and Seville: The analogous city -- Commonplaces: Ameditation on everyday life and the public space turn -- Dystopia of urban space: The metamorphosis of peripheral coastal territories in Southern Italy -- Territories Metamorphosis and Landscape Interpretation throughout the Holocene in Alentejo's Western Coast -- The urban plan of Macedo de Cavaleiros by Arménio Losa: Asymbol of an impossible shift towards progress during the Estado Novo -- The Ibero-American and Lusophone geospatial tradition: The creation of alegacy in Latin America and Asia -- Public Space Metamorphosis: Concepts and strategies in fragmented places -- The Alameda de Hércules in Seville: The metamorphosis of aheritage space through experimentation in the 21st century. The evocation of the symbolic versus the morphological -- Heritage-Convictions and Conventions -- Part III - Arts -- Soundgarden's "Black Hole Sun": Creation, transformation and metamorphoses, challenging asocial ideal -- Making the air visible: Metamorphosis and transformation in Bruno Munari's art -- Creation, Transformation and Metamorphosis in Deep Fluctuation Ana Guerreiro's Painting -- Turning Trash into Art: The ARTivism of Bordalo II -- On the permanence of risk: Acritical essay about technology in Art, or how art is becoming Technology -- Creatives Create Creators: When Artists Program Computers to Create Art -- AI ART: Transformation without Transfiguration -- Part IV - Humanities -- Metamorphosis and transformations in Western Europe's codex morphology -- King's Medieval Treasure between the functional and symbolic: Visions of Man in the face of his choices and actions regarding material goods -- Interbreeding in colonial Brazil: Identities and metamorphoses -- From a 'Black City' to a Paradisical Garden: Villa Petrolea and the Metamorphoses of the Oil-Fevered Baku. 327 $aNational identity in the presidential addresses of 10 June, between 1977/1978 and 2006- creation, transformation, and metamorphosis -- Plasticity, Contingency and Virtuality in the Age of Automatic Reproduction -- Transformation in Language: 'Mansplaining,' between Language Unit and Social Media Phenomenon -- Women and poetic creation in achanging world: Garbe al-Andalus -- H. Hesse's Narziss und Goldmund: The quest for transformation through a modern and critical reader's perspective -- The Birth of a New Literary Subgenre in Spain: La reina del país misterioso (1929) as an Early Weird Western -- The Metamorphoses of a Myth and its Pragmatic Effects in Uma Abelha na Chuva, by Carlos de Oliveira -- Apoetic laboratory of repetition and transformation: The metamorphosis in Carlos de Oliveira -- Memory And Resistance In The "First Season - New Slave Poems" Published in The Book Of Poetry Urdindo Palavras Em Silêncio (Weaving Words In Silence) by Vera Duarte -- Metamorphosis and Identity in Lídia Jorge's The Murmuring Coast -- Childhood, care and spaces: The capabilities approach and the participation-action methodology as feminist tools for socio-spatial transformation -- Portuguese food-creative memory transformation and metamorphose in aforeign blog -- Author Index -- Back_Series page. 330 $aThe texts presented in Proportion Harmonies and Identities (PHI) - Creation, Transformation and Metamorphosis were compiled to establish a multidisciplinary platform for presenting, interacting, and disseminating research. It also aims to foster awareness and discussion on Creation, Transformation and Metamorphosis , focusing on different visions relevant to Architecture, Arts and Humanities, Design and Social Sciences, and its importance and benefits for the sense of identity, both individual and communal. Creation, Transformation and Metamorphosis has been a powerful motor for development since the Western Early Modern Age. Its theoretical and practical foundations have become the working tools of scientists, philosophers, and artists, seeking strategies and policies to accelerate development in different contexts. The Open Access version of this book, available at www.taylorfrancis.com, has been made available under a Creative Commons Attribution-Non Commercial-No Derivatives 4.0 license. 410 0$aPhi Series 606 $aNonfiction$2OverDrive 606 $aEngineering$2OverDrive 606 $aTechnology$2OverDrive 615 17$aNonfiction. 615 7$aEngineering. 615 7$aTechnology. 686 $aTEC009020$2bisacsh 700 $aS. Ming Kong$b Mário$01835453 701 $aS. Ming Kong$b M?rio$01835454 801 0$bMiAaPQ 801 1$bMiAaPQ 801 2$bMiAaPQ 906 $aBOOK 912 $a9911016063803321 996 $aCreation, transformation and metamorphosis$94412072 997 $aUNINA